000 00519nam a22001577a 4500
003 macl
005 20230219161429.0
008 230219b |||||||| |||| 00| 0 eng d
040 _cmacl
082 _a920/GAR
100 _aगर्ग ,प्राची
_981726
245 _aसुपर वुमॅॅन (20महिला उधमियों की सफल बिजनेस )
260 _aदिल्‍ली
_bविधा विहार
_c2019
650 _aजीवनी
942 _2ddc
_cHIN
999 _c65884
_d65884